000 01613nam a22002897a 4500
005 20260422221411.0
007 cr |||aaa|||||
008 260421s2025 mx|a||||o|||| 000 0 spa d
020 _a9789689729037 (Fontamara)
020 _a9786072646384 (UAEM)
040 _aMX-MxUPN
_bspa
_eaacr2
041 0 _aspa
050 4 _aBF456 R2
245 0 0 _aProcesos cognitivos de la lectura :
_buna fábrica de ideas
_h[recurso electrónico en línea]
250 _aPrimera edición digital
260 _aCuernavaca, Morelos :
_bUniversidad Autónoma del Estado de Morelos
260 _aCdmx, México :
_bFontamara,
_c2025
300 _a1 recurso en lìnea (142 pàginas) :
_bilustraciones, PDF
505 0 _tLa lectura : una fábrica de ideas /
_rAlberto Falco. --
_tLa decodificación /
_rEduardo González, Leonardo Manriquez y Alberto Falcón. --
_tLa restauración y propuestas de intervención /
_rGloria Hernández, Eduardo González y Alberto Falcón. --
_tLa fluidez lectora : la capacidad de sincronización de los procesos /
_rDalia Martínez, Saknikté Román y Alberto Falcón. --
_tComprensión y vocabulario /
_rRosa Rubí, Asela Reig y Alberto Falcón. --
_tConocimiento morfológico : de la materia prima y el ensamblaje de palabra /
_rDalia Martínez y Alberto Falcón.
506 0 _aAcceso abierto.
650 4 _aLibros y lectura
_xAspectos psicológicos
_921400
650 4 _aLectura
_xEstudio y enseñanza
_96274
700 1 _aFalcón, Alberto
_959327
_ecoordinación
856 4 0 _uhttp://riaa.uaem.mx/handle/20.500.12055/4954
902 _aVíctorGodínez/210426
942 _2lcc
_cLIBRO-E
999 _c214984
_d214984